| 000 | 00895nam a2200265Ia 4500 | ||
|---|---|---|---|
| 005 | 20220316235208.0 | ||
| 008 | 121119s1992 ag a gr 000 0 spa | ||
| 020 | _a9507241752 | ||
| 041 | 0 | _aspa | |
| 082 | 0 | 4 |
_a535.07 _bR31C |
| 100 | 1 | _aRichards, Roy | |
| 245 | 1 | 0 |
_aDivertidos experimentos científicos y matemáticos _cRoy Richards ; traducido por Martha larese Roja |
| 250 | _aPrimera edición | ||
| 264 | 1 |
_aBuenos Aires _bLumen Argentina _c1992 |
|
| 300 |
_a32 páginas _bilustraciones _c28 cm. |
||
| 336 |
_atexto _btxt _2rdacontent |
||
| 337 |
_asin mediación _bn _2rdamedia |
||
| 338 |
_avolumen _bnc _2rdacarrier |
||
| 490 | 0 | _a101 trucos científicos | |
| 650 | 1 | 4 |
_2LEMB _aExperimentos científicos _xEnseñanza primaria |
| 650 | 1 | 4 |
_2LEMB _aCiencias _xEnseñanza |
| 700 | 1 |
_aLarese Roja, Martha B. _etraductor _9116357 |
|
| 942 |
_2ddc _cBK |
||
| 040 |
_aCO-BoRNBP _bspa _erda _cCO-BoRNBP |
||
| 999 |
_c198 _d198 |
||